[Event "4NCL/Div3/ATH vs. 3CS2"]
[Site "Telford ENG"]
[Date "2005.01.15"]
[Round "3.6"]
[White "Lysons, John"]
[Black "Quinn, John M"]
[Result "1/2-1/2"]
[WhiteElo "1960"]
[BlackElo "2157"]
[PlyCount "120"]
[EventDate "2005.01.15"]
[EventType "team"]
[EventRounds "11"]
[EventCountry "ENG"]
[SourceDate "2004.09.21"]

1. d4 Nf6 2. Nf3 g6 3. g3 Bg7 4. Bg2 O-O 5. O-O d6 6. c4 a6 7. Nc3 Nc6 8. Re1
Rb8 9. d5 Na5 10. Qd3 c5 11. e4 b5 12. cxb5 axb5 13. Bf4 b4 14. Nd1 Qb6 15. Ne3
Ba6 16. Qc2 b3 17. axb3 Nxb3 18. Rad1 Nd4 19. Nxd4 cxd4 20. Nc4 Qb4 21. b3 Qxb3
22. Qxb3 Rxb3 23. Na5 Rb2 24. Nc6 Re8 25. Rxd4 Nh5 26. Rdd1 Nxf4 27. gxf4 Bc3
28. Rb1 Ra2 29. Re3 Bd2 30. Reb3 Bxf4 31. Nb4 Ra4 32. Nxa6 Rxa6 33. Rb8 Rxb8
34. Rxb8+ Kg7 35. Rb1 Ra4 36. h3 Kf6 37. Kf1 Ra2 38. Rb7 Bg5 39. Bf3 Ke5 40.
Rb4 Bh4 41. Be2 h5 42. Rc4 Bf6 43. Rb4 Kf4 44. e5+ Kxe5 45. f4+ Kxd5 46. Bc4+
Kc5 47. Bxa2 Kxb4 48. Bxf7 g5 49. fxg5 Bxg5 50. Bxh5 d5 51. Ke2 Kc4 52. Bg6 e5
53. Bb1 e4 54. Bc2 Kc5 55. Bb1 Kc4 56. Bc2 Kd4 57. Bb3 Kc5 58. Ba2 d4 59. Bb1
Kd5 60. Bc2 Ke5 1/2-1/2

[Event "4NCL/Div3/ATH vs. 3CS2"]
[Site "Telford ENG"]
[Date "2005.01.15"]
[Round "3.7"]
[White "Dalmau, Jorgen"]
[Black "Glover, Richard"]
[Result "1-0"]
[WhiteElo "2057"]
[BlackElo "1940"]
[PlyCount "79"]
[EventDate "2005.01.15"]
[EventType "team"]
[EventRounds "11"]
[EventCountry "ENG"]
[SourceDate "2004.09.21"]

1. e4 d5 2. exd5 Qxd5 3. Nc3 Qa5 4. d4 c6 5. Bc4 Nf6 6. Nf3 Bf5 7. Bf4 e6 8.
O-O Nbd7 9. a3 Be7 10. h3 O-O 11. Ne2 h6 12. b4 Qd8 13. Re1 Nd5 14. Bd3 Bxd3
15. Qxd3 Nxf4 16. Nxf4 Qc7 17. Qe3 a5 18. Nd3 axb4 19. axb4 Nb6 20. Nc5 Nd5 21.
Qd2 Nxb4 22. Qxb4 b6 23. Rxa8 Rxa8 24. Nxe6 fxe6 25. Qb3 Bf6 26. Qxe6+ Kh8 27.
g3 Rd8 28. Qf5 Qd6 29. Re6 Qd7 30. Ne5 Bxe5 31. Qxe5 Rf8 32. Re7 Qxe7 33. Qxe7
Ra8 34. Qb7 Ra1+ 35. Kg2 Rd1 36. Qxb6 Rd2 37. c4 Kh7 38. Qd8 c5 39. d5 Rd4 40.
d6 1-0

[Event "4NCL/Div3/ATH vs. 3CS2"]
[Site "Telford ENG"]
[Date "2005.01.15"]
[Round "3.8"]
[White "Roberts, Elizabeth H"]
[Black "Gostelow, David W"]
[Result "0-1"]
[WhiteElo "1825"]
[BlackElo "2065"]
[PlyCount "106"]
[EventDate "2005.01.15"]
[EventType "team"]
[EventRounds "11"]
[EventCountry "ENG"]
[SourceDate "2004.09.21"]

1. e4 c5 2. Nc3 Nc6 3. g3 d6 4. Bg2 e5 5. d3 g6 6. Be3 Bg7 7. Qd2 Nd4 8. Nd5
Be6 9. c3 Bxd5 10. exd5 Nf5 11. Ne2 Nge7 12. O-O O-O 13. g4 Nxe3 14. Qxe3 f5
15. d4 cxd4 16. cxd4 fxg4 17. dxe5 Bxe5 18. Nd4 Nf5 19. Nxf5 Rxf5 20. h3 Qh4
21. Rad1 Re8 22. Qb3 gxh3 23. Qxh3 Qf4 24. Rd3 Rh5 25. Qg3 Qh6 26. f4 Bxb2 27.
Qf2 Qg7 28. Rb1 Bc3 29. Qxa7 Bb4 30. Qa4 Bc5+ 31. Kf1 Qe7 32. Qd1 b6 33. Qe1
Qf7 34. Qg3 Rf5 35. Re1 Rxf4+ 36. Rf3 Rxe1+ 37. Kxe1 Rxf3 38. Qxf3 Qxf3 39.
Bxf3 Kg7 40. Ke2 h5 41. Kf1 Kh6 42. Kg2 g5 43. Kg3 g4 44. Bxg4 hxg4 45. Kxg4
Kg6 46. a4 Kf6 47. Kf4 Ke7 48. Ke4 Kf6 49. Kf4 Bg1 50. Ke4 Kg5 51. Kd3 Kf4 52.
Kc3 Ke4 53. Kc4 Bc5 0-1

[Event "4NCL/Div3/SWD2 vs. GUI3"]
[Site "Telford ENG"]
[Date "2005.01.15"]
[Round "3.1"]
[White "Spice, Alan"]
[Black "Granat, Russell G"]
[Result "1-0"]
[WhiteElo "2182"]
[BlackElo "2262"]
[PlyCount "119"]
[EventDate "2005.01.15"]
[EventType "team"]
[EventRounds "11"]
[EventCountry "ENG"]
[SourceDate "2004.09.21"]

1. Nc3 d5 2. e4 d4 3. Nce2 e5 4. Ng3 Nc6 5. Nf3 h5 6. d3 h4 7. Ne2 Bg4 8. a3 f5
9. Neg1 f4 10. h3 Be6 11. Be2 Nh6 12. Nh2 Qf6 13. Bg4 O-O-O 14. Bxe6+ Qxe6 15.
Ng4 Kb8 16. Nf3 Be7 17. Nfh2 Rd6 18. O-O Nd8 19. c4 dxc3 20. bxc3 c5 21. Qc2
Nc6 22. Rd1 Rhd8 23. f3 Nxg4 24. Nxg4 g5 25. c4 Nd4 26. Qa2 Bf6 27. Kf1 Bg7 28.
Nf2 Kc8 29. Bd2 Qd7 30. Ba5 b6 31. Bc3 Qa4 32. Bxd4 cxd4 33. Rdb1 Bf8 34. Rb4
Qe8 35. Rb5 Rc6 36. Rab1 Bc5 37. a4 a6 38. a5 Kb7 39. R5b3 Rdd6 40. Nd1 Ka7 41.
Nb2 bxa5 42. Qxa5 Bb6 43. Qa2 g4 44. hxg4 h3 45. gxh3 Qh8 46. Na4 Qxh3+ 47. Qg2
Qh7 48. g5 Bd8 49. Rb8 Rd7 50. c5 Rg6 51. Nb6 Bxb6 52. R1xb6 Rxb6 53. Rxb6 Rc7
54. g6 Qh4 55. g7 Rxc5 56. Rb1 Rc8 57. g8=Q Rxg8 58. Qxg8 Qh1+ 59. Qg1 Qxf3+
60. Ke1 1-0

[Event "4NCL/Div3/SWD2 vs. GUI3"]
[Site "Telford ENG"]
[Date "2005.01.15"]
[Round "3.2"]
[White "Allinson, Julian"]
[Black "Trevelyan, John"]
[Result "1-0"]
[WhiteElo "2107"]
[BlackElo "2178"]
[PlyCount "100"]
[EventDate "2005.01.15"]
[EventType "team"]
[EventRounds "11"]
[EventCountry "ENG"]
[SourceDate "2004.09.21"]

1. d4 d6 2. g3 e5 3. dxe5 dxe5 4. Qxd8+ Kxd8 5. Nc3 Nd7 6. Nf3 f6 7. Bd2 c6 8.
O-O-O Kc7 9. g4 h6 10. Nh4 Ne7 11. Ne4 g5 12. Nf5 Nxf5 13. gxf5 Be7 14. h4 g4
15. Rg1 h5 16. e3 Nc5 17. Ng3 Bd7 18. Bb4 a5 19. Bxc5 Bxc5 20. Bc4 Be8 21. Be6
Rd8 22. Rxd8 Kxd8 23. Ne4 Be7 24. c4 b6 25. Kc2 Kc7 26. Rd1 Rh7 27. a3 c5 28.
Nc3 Bc6 29. Bd5 Bd7 30. Be4 Bd8 31. Nd5+ Kb8 32. Kc3 Bc8 33. b4 axb4+ 34. axb4
Bb7 35. Rb1 Bxd5 36. Bxd5 cxb4+ 37. Rxb4 Kc7 38. c5 b5 39. Rxb5 Kc8 40. Be6+
Kc7 41. Kc4 Kc6 42. Rb8 Bc7 43. Rf8 g3 44. fxg3 Rg7 45. Bd5+ Kd7 46. Rxf6 Rxg3
47. Rf7+ Kd8 48. Be6 Rg4+ 49. Kd5 Rxh4 50. f6 Ba5 1-0

[Event "4NCL/Div3/SWD2 vs. GUI3"]
[Site "Telford ENG"]
[Date "2005.01.15"]
[Round "3.3"]
[White "Powell, Lloyd"]
[Black "Jones, Christopher"]
[Result "1-0"]
[WhiteElo "2155"]
[BlackElo "2119"]
[PlyCount "101"]
[EventDate "2005.01.15"]
[EventType "team"]
[EventRounds "11"]
[EventCountry "ENG"]
[SourceDate "2004.09.21"]

1. d4 d6 2. Nf3 Nd7 3. c4 e5 4. Nc3 c6 5. e4 Ngf6 6. Be2 Be7 7. O-O O-O 8. Re1
Qc7 9. Be3 Re8 10. Qc2 Ng4 11. Bc1 Nf8 12. h3 exd4 13. Nxd4 Bf6 14. Ndb5 cxb5
15. Nxb5 Qc6 16. hxg4 Rxe4 17. Nc3 Bxc3 18. Qxc3 Bd7 19. Be3 Qc7 20. b3 Bc6 21.
Bf3 Re6 22. Bxc6 bxc6 {=} 23. Rad1 Rg6 24. f3 Re6 25. Bf4 Qb6+ 26. Kf1 Rae8 27.
Bxd6 c5 28. Bg3 Qa6 29. Qd2 Qc8 30. Rxe6 Nxe6 31. Qd7 Qa8 32. Rd6 Rd8 33. Qc6
Qxc6 34. Rxc6 Rd1+ 35. Ke2 Rd8 36. Rd6 Nd4+ 37. Kd3 Re8 38. Bf2 Ne6 39. Be3 h6
40. Rd7 a6 41. f4 Rc8 42. f5 Nd8 43. Bxc5 Nc6 44. Rd5 f6 45. Bd6 Kf7 46. b4 Rd8
47. a4 Rd7 48. b5 axb5 49. axb5 Nd8 50. c5 Nb7 51. Kc4 1-0

[Event "4NCL/Div3/SWD2 vs. GUI3"]
[Site "Telford ENG"]
[Date "2005.01.15"]
[Round "3.4"]
[White "Punnett, Alan K"]
[Black "May, Frank"]
[Result "1-0"]
[WhiteElo "2120"]
[BlackElo "2144"]
[PlyCount "49"]
[EventDate "2005.01.15"]
[EventType "team"]
[EventRounds "11"]
[EventCountry "ENG"]
[SourceDate "2004.09.21"]

1. d4 e6 2. c4 Nf6 3. Nc3 d5 4. Nf3 Nbd7 5. g3 Be7 6. Bg2 O-O 7. O-O dxc4 8. e4
c6 9. Qe2 b5 10. d5 exd5 11. exd5 Nxd5 12. Nxd5 cxd5 13. Nd4 Bb7 14. Nxb5 Nc5
15. Be3 Re8 16. Qg4 Nd3 17. Bd4 Bf6 18. Bxf6 Qxf6 19. Nc7 Bc6 20. Nxa8 Rxa8 21.
b3 Ne5 22. Qf4 c3 23. Qxf6 gxf6 24. f4 Ng4 25. Rfc1 1-0

[Event "4NCL/Div3/SWD2 vs. GUI3"]
[Site "Telford ENG"]
[Date "2005.01.15"]
[Round "3.5"]
[White "Brown, Alan M"]
[Black "Singleton, Michael"]
[Result "0-1"]
[WhiteElo "2136"]
[BlackElo "2126"]
[PlyCount "82"]
[EventDate "2005.01.15"]
[EventType "team"]
[EventRounds "11"]
[EventCountry "ENG"]
[SourceDate "2004.09.21"]

1. d4 Nf6 2. c4 g6 3. Nc3 Bg7 4. e4 d6 5. Be2 O-O 6. Bg5 h6 7. Be3 c5 8. d5 a6
9. h3 e6 10. dxe6 Bxe6 11. Nf3 Nc6 12. Qd2 Kh7 13. Rd1 Qa5 14. O-O Rad8 15. Qc1
Nd7 16. Rxd6 Nde5 17. Rxd8 Nxf3+ 18. Bxf3 Rxd8 19. Be2 Nd4 20. Kh1 b5 21. cxb5
axb5 22. Re1 b4 23. Nd5 Nxe2 24. Rxe2 Bxd5 25. exd5 Rxd5 26. Qc4 Rd1+ 27. Kh2
Qc7+ 28. Bf4 Qa7 29. Be5 Bxe5+ 30. Rxe5 Rd2 31. Rxc5 Rxf2 32. Rc7 Qb8 33. Kh1
Qe8 34. Kh2 Qe5+ 35. Kg1 Qe3 36. Kh2 Qf3 37. Qg4 Qd5 38. Rc1 Rxb2 39. Rf1 Rxa2
40. Kh1 b3 41. Qg3 b2 0-1

[Event "4NCL/Div3/SWD2 vs. GUI3"]
[Site "Telford ENG"]
[Date "2005.01.15"]
[Round "3.6"]
[White "Stimpson, Philip M"]
[Black "Sully, David"]
[Result "1/2-1/2"]
[WhiteElo "2125"]
[BlackElo "2130"]
[PlyCount "36"]
[EventDate "2005.01.15"]
[EventType "team"]
[EventRounds "11"]
[EventCountry "ENG"]
[SourceDate "2004.09.21"]

1. e4 e6 2. Nc3 d5 3. Nf3 Nf6 4. e5 Nfd7 5. d4 c5 6. dxc5 Bxc5 7. Bd3 Nc6 8.
Qe2 f6 9. exf6 Nxf6 10. O-O O-O 11. Bf4 Bd7 12. a3 a6 13. Rad1 Qe7 14. Bg3 Rae8
15. Rfe1 Kh8 16. Bh4 Qd6 17. Bg3 Qe7 18. Bh4 Qd6 1/2-1/2

[Event "4NCL/Div3/SWD2 vs. GUI3"]
[Site "Telford ENG"]
[Date "2005.01.15"]
[Round "3.7"]
[White "Adams, Mark A"]
[Black "Yurenok, Maria S"]
[Result "1/2-1/2"]
[WhiteElo "2001"]
[BlackElo "2078"]
[PlyCount "58"]
[EventDate "2005.01.15"]
[EventType "team"]
[EventRounds "11"]
[EventCountry "ENG"]
[SourceDate "2004.09.21"]

1. e4 c5 2. Nf3 e6 3. d4 cxd4 4. Nxd4 Nc6 5. Nc3 Qc7 6. Nxc6 bxc6 7. Bd3 Nf6 8.
O-O Be7 9. Qf3 O-O 10. Re1 e5 11. Bg5 d6 12. h3 h6 13. Bd2 Be6 14. Rad1 Nd7 15.
g4 Rfd8 16. Bc1 Nf8 17. Ne2 Bg5 18. Rf1 Bxc1 19. Rxc1 Qe7 20. Ng3 Qg5 21. Qe3
Qxe3 22. fxe3 g6 23. Kg2 Rab8 24. b3 Nd7 25. Nf5 gxf5 26. gxf5 Nc5 27. fxe6
Nxe6 28. Bc4 Re8 29. Bxe6 Rxe6 1/2-1/2

[Event "4NCL/Div3/SWD2 vs. GUI3"]
[Site "Telford ENG"]
[Date "2005.01.15"]
[Round "3.8"]
[White "Morris, Claire H"]
[Black "Wilson, Julie"]
[Result "1/2-1/2"]
[WhiteElo "1910"]
[BlackElo "1944"]
[PlyCount "57"]
[EventDate "2005.01.15"]
[EventType "team"]
[EventRounds "11"]
[EventCountry "ENG"]
[SourceDate "2004.09.21"]

1. e4 e6 2. c4 d5 3. cxd5 exd5 4. exd5 Nf6 5. Bc4 Nxd5 6. Qb3 Qe7+ 7. Ne2 Nb6
8. Nbc3 Nxc4 9. Qxc4 Be6 10. Qe4 Nc6 11. d4 O-O-O 12. Be3 Qd7 13. O-O Be7 14.
Rfd1 Bf5 15. Qf3 a6 16. Rac1 Rhe8 17. Rd2 Bf6 18. Na4 Bg4 19. Qg3 Qf5 20. Bf4
Re7 21. f3 Bh5 22. Nc5 g5 23. Bxc7 Rxc7 24. Ne4 Be7 25. a3 Qd7 26. Rcd1 f5 27.
N4c3 h6 28. d5 Na5 29. d6 1/2-1/2

[Event "4NCL/Div3/WES2 vs. CAMB1"]
[Site "Telford ENG"]
[Date "2005.01.15"]
[Round "3.1"]
[White "Hopkins, Jamie R"]
[Black "Mah, Karl C C"]
[Result "0-1"]
[WhiteElo "2152"]
[BlackElo "2425"]
[PlyCount "78"]
[EventDate "2005.01.15"]
[EventType "team"]
[EventRounds "11"]
[EventCountry "ENG"]
[SourceDate "2004.09.21"]

1. c4 e6 2. Nc3 d5 3. cxd5 exd5 4. d4 c6 5. Qc2 Bd6 6. e3 Nf6 7. Bd3 O-O 8.
Nge2 Nbd7 9. f3 c5 10. b3 cxd4 11. exd4 Re8 12. Bd2 Nf8 13. O-O-O Bd7 14. Kb2
Bc6 15. g4 Qb8 16. h4 b5 17. Nb1 Rc8 18. Bf5 N6d7 19. Rc1 b4 20. h5 Qb7 21. Bf4
Bb5 22. Qd2 Re8 23. Ng3 Qb8 24. Bxd6 Qxd6 25. Bxd7 Nxd7 26. Nf5 Qf6 27. Qxb4
Bd3 28. Qd6 Re2+ 29. Ka1 Bxf5 30. Qxf6 Nxf6 31. gxf5 Rf2 32. Rhf1 Rxf1 33. Rxf1
Nxh5 34. Nc3 Nf6 35. Re1 Kf8 36. Nb5 a6 37. Nc7 Ra7 38. Rc1 Ke7 39. Rc5 Kd6 0-1

[Event "4NCL/Div3/WES2 vs. CAMB1"]
[Site "Telford ENG"]
[Date "2005.01.15"]
[Round "3.2"]
[White "Garner, David"]
[Black "Rutter, Nicholas"]
[Result "1/2-1/2"]
[WhiteElo "2191"]
[BlackElo "2136"]
[PlyCount "125"]
[EventDate "2005.01.15"]
[EventType "team"]
[EventRounds "11"]
[EventCountry "ENG"]
[SourceDate "2004.09.21"]

1. e4 c5 2. c3 Nf6 3. e5 Nd5 4. Nf3 Nc6 5. Bc4 Nb6 6. Be2 d6 7. exd6 Qxd6 8. d4
e5 9. dxe5 Nxe5 10. Nxe5 Qxe5 11. O-O Be7 12. Bb5+ Kf8 13. Re1 Qd5 14. Bg5 Be6
15. Bxe7+ Kxe7 16. Qe2 c4 17. Na3 Rhc8 18. Rad1 Qc5 19. Rd4 Kf8 20. Qf3 Kg8 21.
Qd1 a6 22. Ba4 Nxa4 23. Qxa4 b5 24. Qa5 g6 25. Nc2 Qc7 26. Qxc7 Rxc7 27. f3 a5
28. a3 Bf5 29. Ne3 Be6 30. Kf2 Rb8 31. Nc2 Bf5 32. Ne3 Be6 33. Nd5 Bxd5 34.
Rxd5 Kf8 35. Ree5 Rcb7 36. Rc5 h5 37. h4 Rb6 38. g4 hxg4 39. fxg4 Kg7 40. Ke3
R6b7 41. Kd4 Rd7+ 42. Rcd5 Rdb7 43. Rd6 Ra8 44. Kc5 Rc8+ 45. Rc6 Rcb8 46. h5
gxh5 47. Rxh5 b4 48. Kxc4 bxc3 49. bxc3 a4 50. Ra5 Re7 51. Kd5 Rd7+ 52. Kc4 Re7
53. Rd6 Re4+ 54. Rd4 Re3 55. Kd5 Rd8+ 56. Kc4 Rb8 57. Rb5 Rc8+ 58. Rc5 Rb8 59.
Rf4 Rb3 60. Kd4 Re7 61. Ra5 Rd7+ 62. Ke5 Rxa3 63. Raxa4 1/2-1/2

[Event "4NCL/Div3/WES2 vs. CAMB1"]
[Site "Telford ENG"]
[Date "2005.01.15"]
[Round "3.3"]
[White "Gregory, Keith D"]
[Black "Valden, Petros"]
[Result "1/2-1/2"]
[WhiteElo "2099"]
[BlackElo "2185"]
[PlyCount "129"]
[EventDate "2005.01.15"]
[EventType "team"]
[EventRounds "11"]
[EventCountry "ENG"]
[SourceDate "2004.09.21"]

1. c4 c5 2. b3 Nf6 3. Nf3 e6 4. g3 d5 5. Bg2 Nc6 6. O-O Be7 7. d3 O-O 8. Bb2 b6
9. Nbd2 Bb7 10. Qc2 Rc8 11. a3 Re8 12. Rad1 Bf8 13. Qb1 e5 14. b4 cxb4 15. axb4
Bxb4 16. Bxe5 Nxe5 17. Qxb4 Nc6 18. Qa3 Rxe2 19. cxd5 Nxd5 20. Nc4 Ndb4 21. d4
a5 22. d5 Ne7 23. d6 Rxc4 24. dxe7 Qxe7 25. h4 h6 26. Qb3 Rc8 27. Rd4 Qe6 28.
Qd1 Qa2 29. Rd8+ Re8 30. Rd6 Nd5 31. Nd4 Nc3 32. Qg4 Ne2+ 33. Nxe2 Bxg2 34.
Kxg2 Qxe2 35. Qxe2 Rxe2 36. Rxb6 Rc5 37. Rb3 Ra2 38. Rfb1 Rf5 39. Rb8+ Kh7 40.
Rf1 g5 41. hxg5 hxg5 42. g4 Rf4 43. Kg3 a4 44. Rb5 Kg6 45. Rb6+ Kg7 46. Rb5
Ra3+ 47. f3 Kf6 48. Rf2 Rb3 49. Ra5 a3 50. Kg2 Kg6 51. Ra6+ Rf6 52. Ra5 Rf4 53.
Ra6+ f6 54. Ra7 Rd4 55. Rc2 Rb2 56. Rxb2 axb2 57. Rb7 Rd2+ 58. Kg3 Rc2 59. Kh3
Rc3 60. Kg3 Rc2 61. Kh3 Rf2 62. Kg3 Rd2 63. Kh3 Rd3 64. Kg3 Rd1 65. Rxb2
1/2-1/2

[Event "4NCL/Div3/WES2 vs. CAMB1"]
[Site "Telford ENG"]
[Date "2005.01.15"]
[Round "3.4"]
[White "Churm, Rohan M"]
[Black "Pleasants, Allan J"]
[Result "0-1"]
[WhiteElo "2178"]
[BlackElo "2065"]
[PlyCount "100"]
[EventDate "2005.01.15"]
[EventType "team"]
[EventRounds "11"]
[EventCountry "ENG"]
[SourceDate "2004.09.21"]

1. e4 g6 2. d4 Bg7 3. Nc3 c6 4. Bc4 d6 5. Be3 Nf6 6. h3 Nbd7 7. Bb3 O-O 8. Qd2
b5 9. a3 Nb6 10. Nge2 Nc4 11. Bxc4 bxc4 12. f3 Rb8 13. Nd1 Qc7 14. O-O Ba6 15.
c3 Nd7 16. f4 f5 17. Ng3 e6 18. Qe2 Rb3 19. Rc1 c5 20. Rc2 Qc6 21. dxc5 Nxc5
22. Bxc5 Qxc5+ 23. Qf2 Qc7 24. exf5 exf5 25. Ne2 Re8 26. Nd4 Rbb8 27. Re1 Bb7
28. Rce2 Be4 29. Qe3 d5 30. Nf2 Qb6 31. Rd2 Re7 32. Nc2 Qb7 33. Nb4 Rbe8 34.
Qc5 Bf6 35. Nxe4 dxe4 36. Qxc4+ Kg7 37. Nd5 Rd7 38. Nxf6 Kxf6 39. Rd4 Qb6 40.
Red1 Red8 41. Kf1 Rxd4 {=} 42. cxd4 Qd6 43. g3 Kg7 44. h4 Rd7 45. Qb5 Kh6 46.
Qe5 Qc6 47. d5 Qc2 48. Qd4 e3 49. Kg1 Qf2+ 50. Kh1 e2 0-1

[Event "4NCL/Div3/WES2 vs. CAMB1"]
[Site "Telford ENG"]
[Date "2005.01.15"]
[Round "3.5"]
[White "Ferrington, Nigel M"]
[Black "Hodge, David J"]
[Result "1-0"]
[WhiteElo "2125"]
[BlackElo "2165"]
[PlyCount "95"]
[EventDate "2005.01.15"]
[EventType "team"]
[EventRounds "11"]
[EventCountry "ENG"]
[SourceDate "2004.09.21"]

1. e4 c5 2. Nf3 d6 3. d4 cxd4 4. Nxd4 Nf6 5. Nc3 a6 6. Bc4 e6 7. O-O b5 8. Bb3
Nbd7 9. Re1 Nc5 10. Bd5 Nxd5 11. exd5 e5 12. b4 Nd7 13. a4 bxa4 14. Nxa4 Bb7
15. c4 Qc7 16. c5 dxc5 17. bxc5 Bxc5 18. Nxc5 Qxc5 19. Nc6 Bxc6 20. dxc6 Qxc6
21. Ba3 h5 22. Rc1 Qe6 23. Qa4 Rh6 24. Rc7 Rd8 25. h3 Rg6 26. Qh4 Rh6 27. Rec1
f6 28. Qb4 Rh8 29. R1c6 Qf7 30. Rxa6 f5 31. Raa7 Qe6 32. Rxd7 Rxd7 33. Qb8+ Kf7
34. Rxd7+ Qxd7 35. Qxh8 Kg6 36. Qb8 Qd1+ 37. Kh2 Qe2 38. Qb6+ Kh7 39. Qe3 Qb5
40. Qg5 Qd7 41. Qxh5+ Kg8 42. Qg6 e4 43. Bb2 Qc7+ 44. g3 Qd7 45. h4 e3 46. Bxg7
e2 47. Be5+ Kf8 48. Bd6+ 1-0

[Event "4NCL/Div3/WES2 vs. CAMB1"]
[Site "Telford ENG"]
[Date "2005.01.15"]
[Round "3.6"]
[White "Regan, Natasha"]
[Black "Pym, Thomas W"]
[Result "1/2-1/2"]
[WhiteElo "2208"]
[BlackElo "2050"]
[PlyCount "49"]
[EventDate "2005.01.15"]
[EventType "team"]
[EventRounds "11"]
[EventCountry "ENG"]
[SourceDate "2004.09.21"]

1. e4 c5 2. d4 cxd4 3. c3 Nf6 4. e5 Nd5 5. Nf3 Nc6 6. Bc4 Nb6 7. Bb3 d5 8. exd6
Qxd6 9. cxd4 Be6 10. O-O Bxb3 11. Qxb3 e6 12. Nc3 Be7 13. Nb5 Qd8 14. Be3 O-O
15. Ne5 Nd5 16. Rac1 a6 17. Nxc6 bxc6 18. Na3 Rb8 19. Qa4 Rb4 20. Qxa6 Rxb2 21.
Nc4 Nb4 22. Qb7 Rxa2 23. Ne5 Ra6 24. Nxc6 Rxc6 25. Rxc6 1/2-1/2

[Event "4NCL/Div3/WES2 vs. CAMB1"]
[Site "Telford ENG"]
[Date "2005.01.15"]
[Round "3.7"]
[White "Taylor, Phil"]
[Black "Gooding, Ian"]
[Result "1/2-1/2"]
[WhiteElo "2058"]
[BlackElo "2085"]
[PlyCount "108"]
[EventDate "2005.01.15"]
[EventType "team"]
[EventRounds "11"]
[EventCountry "ENG"]
[SourceDate "2004.09.21"]

1. e4 e6 2. d4 d5 3. Nd2 Nf6 4. e5 Nfd7 5. Bd3 c5 6. c3 Nc6 7. Ne2 cxd4 8. cxd4
f6 9. exf6 Nxf6 10. Nf3 Bd6 11. O-O O-O 12. Nc3 Qb6 13. Be3 Bd7 14. a3 Be8 15.
Ne5 Bxe5 16. dxe5 Qxb2 17. exf6 Qxc3 18. fxg7 Qxg7 19. Qd2 Rf7 20. f4 d4 21.
Bf2 Qh6 22. Be1 Rd7 23. Rf3 Rg7 24. Be4 Qf6 25. Bf2 Rd8 26. Rd1 Bh5 27. Bxc6
bxc6 28. Bxd4 e5 29. Bxe5 Rxd2 30. Rxd2 Qe7 31. Rfd3 Qc5+ 32. Kf1 Qc1+ 33. Kf2
Re7 34. Rd8+ Kf7 35. R2d6 Qc2+ 36. Kg1 Rb7 37. h3 Bg6 38. Rf6+ Ke7 39. Rg8 Rb1+
40. Kh2 Qc4 41. Rg7+ Bf7 42. Rxh7 Qd5 43. h4 Re1 44. h5 Re2 45. Rg7 Ke8 46.
Rfxf7 Rxg2+ 47. Rxg2 Qxf7 48. Rg7 Qxh5+ 49. Kg3 a6 50. Rc7 Qg6+ 51. Kf2 Qc2+
52. Ke3 c5 53. a4 c4 54. a5 Qd3+ 1/2-1/2

[Event "4NCL/Div3/WES2 vs. CAMB1"]
[Site "Telford ENG"]
[Date "2005.01.15"]
[Round "3.8"]
[White "Low, Ying Min"]
[Black "Khoo, Selina"]
[Result "1-0"]
[WhiteElo "2026"]
[BlackElo "2073"]
[PlyCount "43"]
[EventDate "2005.01.15"]
[EventType "team"]
[EventRounds "11"]
[EventCountry "ENG"]
[SourceDate "2004.09.21"]

1. d4 d5 2. c4 c6 3. Nf3 Nf6 4. Nc3 dxc4 5. a4 Bf5 6. Ne5 Nbd7 7. Nxc4 Nb6 8.
Ne5 a5 9. f3 Nfd7 10. Nxd7 Qxd7 11. e4 Bg6 12. Be3 e6 13. d5 Nc8 14. Qd4 exd5
15. Nxd5 Ne7 16. Nf4 Qxd4 17. Bxd4 f6 18. Ne6 Kd7 19. Bc4 Be8 20. O-O-O Kc8 21.
Bb6 Bd7 22. Nc5 1-0

[Event "4NCL/Div3/FCA1 vs. OXF1"]
[Site "Telford ENG"]
[Date "2005.02.26"]
[Round "5.1"]
[White "Constantinou, Peter"]
[Black "Savage, Ben D"]
[Result "1/2-1/2"]
[WhiteElo "2122"]
[BlackElo "2300"]
[PlyCount "64"]
[EventDate "2005.02.26"]
[EventType "team"]
[EventRounds "11"]
[EventCountry "ENG"]
[SourceDate "2004.09.21"]

1. d4 d5 2. Nf3 Nf6 3. c4 dxc4 4. Nc3 a6 5. a4 e6 6. e3 c5 7. Bxc4 Nc6 8. O-O
Be7 9. Qe2 cxd4 10. Rd1 O-O 11. exd4 Nd5 12. Ne5 Ncb4 13. Qf3 Bf6 14. Nxd5 exd5
15. Bb3 Be6 16. Bd2 Qd6 17. Rac1 Rac8 18. Rxc8 {=} Rxc8 19. Bxb4 Qxb4 20. Bxd5
Qxb2 21. Bxe6 fxe6 22. g3 Rc1 23. Rxc1 Qxc1+ 24. Kg2 Bxe5 25. dxe5 Qc7 26. Qe4
Kf7 27. f4 g6 28. g4 Ke7 29. Kg3 Qc6 30. Qxc6 {=} bxc6 31. Kf3 h6 32. Ke4 c5
1/2-1/2

[Event "4NCL/Div3/FCA1 vs. OXF1"]
[Site "Telford ENG"]
[Date "2005.02.26"]
[Round "5.2"]
[White "Ozeren, Kemal"]
[Black "Fraser-Mitchell, Jeremy"]
[Result "1-0"]
[WhiteElo "2292"]
[BlackElo "2092"]
[PlyCount "85"]
[EventDate "2005.02.26"]
[EventType "team"]
[EventRounds "11"]
[EventCountry "ENG"]
[SourceDate "2004.09.21"]

1. d4 f5 2. Nc3 Nf6 3. Bg5 d5 4. Bxf6 exf6 5. e3 c6 6. Bd3 Bd6 7. Qf3 g6 8. h4
h5 9. O-O-O Be6 10. Nce2 Nd7 11. Nf4 Bf7 12. g3 Qa5 13. Kb1 O-O-O 14. Qe2 Nb6
15. Nf3 Kb8 16. Nd2 Nc8 17. c4 Bxf4 18. gxf4 Nd6 19. Rhg1 Rhg8 20. Rc1 dxc4 21.
Nxc4 Bxc4 22. Bxc4 Nxc4 23. Qxc4 Qd5 {=} 24. Qxd5 Rxd5 25. Rg2 Rd7 26. Kc2 Kc7
27. Kd3 Kd6 28. f3 Rdg7 29. Rcg1 c5 30. e4 fxe4+ 31. fxe4 cxd4 32. Kxd4 Ke7 33.
f5 g5 34. hxg5 Rxg5 35. Rxg5 fxg5 36. Ke5 g4 37. f6+ Kf7 38. Kf5 Rc8 39. e5 Rc5
40. Rh1 g3 41. Rxh5 g2 42. Rg5 Rc2 43. e6+ 1-0

[Event "4NCL/Div3/FCA1 vs. OXF1"]
[Site "Telford ENG"]
[Date "2005.02.26"]
[Round "5.3"]
[White "Smith, Graham"]
[Black "Coleman, James"]
[Result "1-0"]
[WhiteElo "2118"]
[BlackElo "2225"]
[PlyCount "113"]
[EventDate "2005.02.26"]
[EventType "team"]
[EventRounds "11"]
[EventCountry "ENG"]
[SourceDate "2004.09.21"]

1. e4 e5 2. Nf3 Nc6 3. Bb5 Nf6 4. O-O Nxe4 5. d4 Nd6 6. Bxc6 dxc6 7. dxe5 Ne4
8. Qe2 Bf5 9. Rd1 Qc8 10. Nd4 Bc5 11. Be3 O-O 12. Nd2 Nxd2 13. Nxf5 Qxf5 14.
Bxc5 Ne4 15. Bxf8 Rxf8 16. Rd4 Nc5 17. Rad1 Ne6 18. Rd7 Nf4 19. Qe3 Qg4 20. g3
Nd5 21. R1xd5 cxd5 22. Rxc7 Qb4 23. e6 fxe6 24. Qxe6+ Kh8 25. Qe7 Qxe7 26. Rxe7
Rb8 27. Rd7 h6 28. Rxd5 Rc8 29. c3 Rc7 30. f4 Kg8 31. Kf2 Kf7 32. Kf3 Re7 33.
Rd6 Ke8 34. g4 Re1 35. Rd2 Rf1+ 36. Rf2 Ra1 37. b3 Ke7 38. Ke4 Re1+ 39. Kf3 Kf6
40. Re2 Rf1+ 41. Ke4 Rg1 42. h3 Rg3 43. Re3 Rg2 44. a4 Rb2 45. c4 Ke6 46. Kd4+
Kd6 47. f5 b6 48. Re6+ Kd7 49. Rg6 Rxb3 50. Rxg7+ Ke8 51. Rxa7 Rxh3 52. Rg7 Ra3
53. Rg6 Rg3 54. Kd5 Kf7 55. Kc6 Ra3 56. Kxb6 Rxa4 57. Kb5 1-0

[Event "4NCL/Div3/FCA1 vs. OXF1"]
[Site "Telford ENG"]
[Date "2005.02.26"]
[Round "5.4"]
[White "Rawlinson, Aidan"]
[Black "Valentine, Brian J"]
[Result "1-0"]
[WhiteElo "2179"]
[BlackElo "2050"]
[PlyCount "91"]
[EventDate "2005.02.26"]
[EventType "team"]
[EventRounds "11"]
[EventCountry "ENG"]
[SourceDate "2004.09.21"]

1. e4 Nc6 2. Nc3 e5 3. Bc4 Nf6 4. d3 Bb4 5. Nf3 O-O 6. O-O d6 7. Ne2 d5 8. exd5
Nxd5 9. Ng3 Nb6 10. Bb3 Bg4 11. c3 Bd6 12. h3 Bxf3 13. Qxf3 Qd7 14. Ne4 Kh8 15.
Ng5 Nd8 16. Qh5 h6 17. Ne4 f5 18. Nxd6 Qxd6 19. f4 Nc6 20. fxe5 Nxe5 21. Bf4
Qf6 22. Rad1 c6 23. Rfe1 Qg6 24. Qe2 Ned7 25. Qf2 Rae8 26. Rd2 Rxe1+ 27. Qxe1
Re8 28. Re2 Nf6 29. Be5 Nbd7 30. Bd4 a6 31. Rxe8+ Nxe8 32. Qe7 Nef6 33. Be6 c5
34. Bxc5 Ne5 35. Qxb7 Qe8 36. Bxf5 Nc6 37. Qc8 Nd8 38. Be4 Nxe4 39. dxe4 Kh7
40. Qf5+ Kh8 41. Qf8+ Qxf8 42. Bxf8 Kg8 43. Bd6 Kf7 44. Kf2 Ke6 45. e5 g6 46.
c4 1-0